000 00369 a2200157 4500
001 154615
040 _cEscola São Tomás de Aquino
100 _aAMABIS, José Mariano
240 1 0 _aFindamentos da biologia moderna
_lpor
245 1 0 _aFindamentos da biologia moderna
300 _a839
362 0 _a2006
440 1 _aModerna
697 _aBIOLOGIA
942 _cBK
999 _c154615
_d154615